| 000 | 00385nam a22001697a 4500 | ||
|---|---|---|---|
| 999 |
_c3422 _d3421 |
||
| 005 | 20210906113407.0 | ||
| 008 | 160621b xxu||||| |||| 00| 0 eng d | ||
| 020 | _a81-86-314-504 | ||
| 041 | _aeng | ||
| 082 | _b8790 | ||
| 100 |
_aGhanekar, Dr Mrs Anjali _92300 |
||
| 245 | _aCommunication Skill | ||
| 260 |
_bEPH _c2007 |
||
| 300 | _a196 | ||
| 650 |
_aManagement _9241 |
||
| 942 | _cBK | ||